|
|
|
|
| LEADER |
00000nam0a2200000 4500 |
| 001 |
279955 |
| 005 |
20231101235247.0 |
| 035 |
|
|
|a (RuTPU)RU\TPU\book\303260
|
| 090 |
|
|
|a 279955
|
| 100 |
|
|
|a 20141224d1986 k y0rusy50 ca
|
| 101 |
0 |
|
|a rus
|
| 102 |
|
|
|a UA
|
| 105 |
|
|
|a a z 101zy
|
| 200 |
1 |
|
|a Металлургические и технологические проблемы сварки порошковой проволокой
|e доклады I международной школы стран - членов СЭВ, София, апрель 1986 г.
|f Координационный центр стран - членов СЭВ
|
| 210 |
|
|
|a Киев
|c Наукова думка
|d 1986
|
| 215 |
|
|
|a 140 с.
|c ил.
|
| 320 |
|
|
|a Библиография в конце статей
|
| 606 |
1 |
|
|a Проволока порошковая для электродов
|x При дуговой сварке
|2 stltpush
|3 (RuTPU)RU\TPU\subj\51768
|9 70333
|
| 610 |
1 |
|
|a сварка
|
| 610 |
1 |
|
|a технологические процессы
|
| 610 |
1 |
|
|a контроль
|
| 610 |
1 |
|
|a автоматизация
|
| 610 |
1 |
|
|a сварные швы
|
| 610 |
1 |
|
|a строительные металлоконструкции
|
| 675 |
|
|
|a 621.791.753(063)
|v 4
|
| 712 |
0 |
2 |
|a Координационный центр стран - членов СЭВ
|2 stltpush
|3 (RuTPU)RU\TPU\col\21635
|9 28086
|
| 712 |
1 |
2 |
|a Сварка порошковой проволокой
|c международная школа
|d 1
|e София
|f 1986
|
| 801 |
|
1 |
|a RU
|b 63413507
|c 20141224
|
| 801 |
|
2 |
|a RU
|b 63413507
|c 20170426
|g RCR
|
| 942 |
|
|
|c BK
|